Religion Quiz

Random Religion or Bible Quiz

Awkward Bible Moments Quiz Stats

 Plays Quiz Updated Dec 16, 2018

Support Sporcle.
Go Orange.
Score 0/15 Timer 06:00
4 Plays Today
% Correct
Jonah
87.7%
Moses
87.2%
Abraham
86.5%
Judas
86.2%
Samson
85.1%
Lot
76.6%
Rebekah
72.5%
Nebuchadnezzar
70.4%
% Correct
Herod
67.4%
Jacob
64.9%
David
63.6%
Reuben
52.7%
Balaam
51.9%
Noah
49.3%
Judah
38.1%

From the Vault

Image Blitz: Right Hand or Left Hand?

by Alcas

No matter how you do on the quiz, we hope you at least know your right hand from your left hand.
Remove Ads.
Support Sporcle.
Get the best of Sporcle when you Go Orange. This ad-free experience offers more features, more stats, and more fun while also helping to support Sporcle. Thank you for becoming a member.

Show Comments

Extras

Top Quizzes Today


Score Distribution

Your Account Isn't Verified!

In order to create a playlist on Sporcle, you need to verify the email address you used during registration. Go to your Sporcle Settings to finish the process.

Report this User

Report this user for behavior that violates our Community Guidelines.

Details: